Supplement to complete book of ballets
Saved in:
| Hovedforfatter: | |
|---|---|
| Format: | Bog |
| Sprog: | engelsk |
| Udgivet: |
Londres
C. W. Beaumont
1942
|
| Fag: | |
| Tags: |
Tilføj Tag
Ingen Tags, Vær først til at tagge denne postø!
|
MARC
| LEADER | 00000nam a2200000 a 4500 | ||
|---|---|---|---|
| 001 | UCW2347 | ||
| 003 | CL-VaPUC | ||
| 008 | 890720e19420000UK |||||||||||||||||eng|d | ||
| 082 | 0 | 4 | |a 792.8 |b BEA |2 21 |
| 100 | 0 | |a Beaumont, Cyril William |e author |9 306380 | |
| 245 | 1 | 0 | |a Supplement to complete book of ballets |
| 300 | |a 208 p | ||
| 942 | |c BK | ||
| 945 | |d 19890720 00:00:00 | ||
| 260 | |a Londres |b C. W. Beaumont |c 1942 | ||
| 650 | 7 | |a BALLET PUESTA EN ESCENA Y ESCENOGRAFIA |2 CL-VaPUC |9 306381 | |
| 650 | 0 | |a Obras ilustradas |9 265022 | |
| 650 | 0 | |a Historia |9 255047 | |
| 583 | |a last modification |c 19890720 00:00:00 |k Rodrigo Vera | ||
| 999 | |c 216903 |d 216901 | ||
| 952 | |0 0 |1 0 |4 0 |6 792_800000000000000_BEA_1942 |7 0 |8 A |9 203306 |a BIBEDU |b BIBEDU |d 2019-11-15 |i 2705583 |o 792.8 BEA 1942 |p 2705583 |r 2023-01-12 |w 2019-11-15 |y BK |k MUS | ||